000 00643nam a2200205Ii 4500
003 JO-AjNU
008 230605s9999||||xx |||||||||||||| ||und||
040 _aJO-AjNU
_bara
_erda
_cJO-AjNU
041 _aara
050 1 4 _aHQ769 1987
100 3 _aيعقوب، لوسي,
_eauthor
_915334
245 0 0 _aالطفولة والمستقبل السعيد
250 _aط1
264 3 1 _aبيروت: الشركة العالمية للكتاب، 1987
300 _a93ص
336 _atext
_btxt
_2rdacontent
337 _aunmediated
_bn
_2rdamedia
338 _avolume
_bnc
_2rdacarrier
650 4 _aالاطفال- الرعاية الصحية
_915335
999 _aA4305
_c7873
_d7873